[Event "45th Olympiad 2024"]
[Site "Budapest HUN"]
[Date "2024.09.16"]
[Round "6.45"]
[Board "3"]
[White "Yun, Hungi"]
[Black "Kanep, Meelis"]
[Result "0-1"]
[WhiteElo "2124"]
[BlackElo "2367"]
[PlyCount "112"]
[EventDate "2024.09.11"]
[WhiteTeam "South Korea"]
[BlackTeam "Estonia"]
[BlackTeamCountry "EST"]

1. e4 d6 2. d4 Nf6 3. Nc3 e5 4. Nf3 Nbd7 5. Bc4 Be7 6. O-O O-O 7. Re1 a6 8. a4 b6 9. Ba2 Bb7 10. h3 c6 11. dxe5 dxe5 12. Nh4 Nc5 ({RR} 12... b5 13. Nf5 b4 14. Nb1 Ne8 15. Be3 Bc5 16. Nd2 g6 17. Nb3 Bxe3 18. Nxe3 Qc7 19. a5 Rd8 20. Qf3 Nd6 21. Rad1 Kg7 22. Qg3 Nxe4 23. Nf5+ Kh8 24. Rxe4 gxf5 25. Qg5 fxe4 26. Rxd7 Qxd7 27. Qf6+ {½-½ Kislinsky,A (2574)-Nepomniachtchi,I (2710) EU-ch 14th Legnica 2013 (4)}) ({RR} 12... Qc7 13. Nf5 Bc5 14. Qf3 g6 15. Nh6+ Kg7 16. Bg5 Rae8 17. Rad1 Be7 18. Ne2 Ng8 19. Qg4 Bc8 20. Nxg8 Rxg8 21. Ng3 Nc5 22. Qh4 Bxg5 23. Qxg5 Kf8 24. a5 b5 25. b4 Be6 26. bxc5 Bxa2 27. Rd6 {1-0 Miranda Mesa,E (2500)-Iglesias Ojeda,F (2051) 47th Badalona Open 2023 (2.2)}) 13. Nf5 Bc8 14. Qf3 Ne8 $146 ({RR} 14... a5 15. Bg5 Ne6 16. Bxe6 Bxe6 17. Rad1 Qc7 18. Nxe7+ Qxe7 19. Qg3 Bc8 20. Rd3 Qe6 21. Red1 Ne8 22. Rd8 f6 23. Be3 c5 24. Bh6 Ra7 25. Nb5 Rb7 26. Nd6 Nxd6 27. R1xd6 Qe7 28. Qb3+ Qf7 29. Rxf6 {1-0 Kotronias,V (2570)-Gelashvili,T (2445) GRE-chT Poros 1998 (1)}) ({RR} 14... Bxf5 15. Qxf5 Qc7 16. Bd2 Rad8 17. Be3 a5 18. Rad1 Rxd1 19. Rxd1 g6 20. Qf3 Rd8 21. Bxc5 bxc5 22. Bc4 Kg7 23. b3 Rd4 24. Rd3 Bd8 25. g3 h5 26. h4 Qe7 27. Kg2 Bc7 28. Qd1 Qd7 29. f3 {½-½ Brandenburg,D (2527)-Semcesen,D (2449) Lund Schackstudion 2011 (5)}) 15. Be3 Bxf5 16. exf5 Qc7 17. Rad1 a5 18. Qg3 Nd7 19. Ne4 Ndf6 20. Ng5 Nh5 21. Qh4 Nhf6 22. Bc1 h6 23. Ne4 Qc8 24. Nxf6+ Bxf6 25. Qh5 Qc7 26. Rd3 Rd8 27. Rg3 Rd4 28. Rg4 Rxg4 29. hxg4 Qd8 30. Qg6 Qe7 31. Bxh6 Kh8 32. Bxg7+ Nxg7 33. Qh6+ Kg8 34. Re3 Bg5 35. Qg6 Qf6 36. Rh3 Qxg6 37. fxg6 Ne6 38. Rh5 Bf6 39. gxf7+ Kxf7 40. g5 Bg7 41. g4 Ke7 42. Rh7 Rh8 43. g6 Rxh7 44. gxh7 Ng5 45. Bg8 Kf6 46. Kf1 Kg6 47. Ke2 Nxh7 48. Bxh7+ Kxh7 49. Ke3 Kg6 50. Ke4 Kf6 51. c3 Bh6 52. f3 Ke6 53. b4 axb4 54. cxb4 Bd2 55. b5 cxb5 56. axb5 Bf4 0-1

[Event "45th Olympiad 2024"]
[Site "Budapest HUN"]
[Date "2024.09.16"]
[Round "6.45"]
[Board "4"]
[White "Timoshin, Andrei"]
[Black "Huh, Isaak"]
[Result "1/2-1/2"]
[WhiteElo "2230"]
[BlackElo "2114"]
[PlyCount "96"]
[EventDate "2024.09.11"]
[WhiteTeam "Estonia"]
[BlackTeam "South Korea"]
[WhiteTeamCountry "EST"]

1. e4 c5 2. Nf3 d6 3. Bb5+ Nd7 4. d4 cxd4 5. Qxd4 a6 6. Bxd7+ Bxd7 7. O-O e5 8. Qd3 h6 9. c4 Nf6 10. Nc3 Be7 11. b3 ({RR} 11. c5 Be6 12. cxd6 Qxd6 13. Qe3 O-O 14. Rd1 Qc7 15. Nd5 Nxd5 16. exd5 Rad8 17. Nxe5 Rxd5 18. Rxd5 Bxd5 19. Bd2 Bf6 20. Bc3 Re8 21. f4 b5 22. h3 b4 23. Bd4 Qc2 24. Qf2 Rc8 25. b3 Qxf2+ {0-1 Antipov,M (2569)-Sasikiran,K (2639) Wch Blitz 9th 2015 (4)}) 11... Qc7 ({RR} 11... O-O 12. a4 Rb8 13. Ba3 Bc6 14. Rfd1 Ne8 15. c5 Bf6 16. cxd6 Qd7 17. Nd5 Bxd5 18. Qxd5 b5 19. Nxe5 Bxe5 20. Qxe5 Nf6 21. Qd4 bxa4 22. bxa4 Rfe8 23. e5 Ng4 24. f4 h5 25. Bb2 Re6 26. f5 {1-0 Nurgaliyeva,Z (2135)-Eskina,Y Swiss Queens Wed #23 2024 (4.203)}) 12. Rd1 Rd8 $146 ({RR} 12... Rc8 13. a4 O-O 14. Ba3 Qa5 15. Qe3 Bc6 16. Bxd6 Bxd6 17. Rxd6 Qb4 18. Rxf6 gxf6 19. Nh4 Rfd8 20. Nf5 Qf8 21. Nxh6+ Kh7 22. Nf5 Rc7 23. Qh3+ Kg8 24. Re1 Rcd7 25. Nd5 Bxd5 26. exd5 {1-0 Maze,S (2423)-Monroy,C (2294) FRA-ch U20 Le Grand Bornand 2003 (5.1)}) ({RR} 12... Be6 13. a4 O-O 14. Ba3 Rfd8 15. Rac1 Rac8 16. Nd5 Bxd5 17. cxd5 Qd7 18. Nd2 Nh5 19. Qf3 Rxc1 20. Rxc1 Nf4 21. Nc4 Rc8 22. Nb6 Rxc1+ 23. Bxc1 Qc7 24. Bxf4 Qxb6 25. Bd2 Qd4 26. Bc3 Qb6 27. Bd2 {½-½ Hladky,T (1968)-Jedlicka,A (2212) Pardubice Czech op-A 32nd 2021 (7)}) 13. Ba3 Be6 14. Rac1 Qa5 15. Bb2 O-O 16. a3 b5 17. Nd5 Nxd5 18. exd5 bxc4 19. bxc4 Bg4 20. h3 Bh5 21. Re1 f5 22. Nd4 Bg5 23. Nc6 Qd2 24. Qb3 Rd7 25. Rb1 f4 26. Qc3 f3 27. g3 Bg6 28. Rbd1 Qc2 29. c5 Qxc3 30. Bxc3 Bc2 31. Ra1 dxc5 32. Bxe5 Rxd5 33. h4 Rc8 34. hxg5 Rxc6 35. gxh6 Rxh6 36. Bf4 Rh3 37. Re5 Rxe5 38. Bxe5 c4 39. Bc3 Rh5 40. Re1 Kf7 41. Re3 Rf5 42. g4 Rf4 43. Kh2 Rxg4 44. Rxf3+ Ke7 45. Rg3 Rxg3 46. Kxg3 g6 47. Kf4 Ke6 48. Ke3 Kd5 1/2-1/2

[Event "45th Olympiad 2024"]
[Site "Budapest HUN"]
[Date "2024.09.16"]
[Round "6.46"]
[Board "4"]
[White "Frick, Renato"]
[Black "Fitzsimons, David"]
[Result "0-1"]
[WhiteElo "1925"]
[BlackElo "2315"]
[PlyCount "108"]
[EventDate "2024.09.11"]
[WhiteTeam "Liechtenstein"]
[BlackTeam "Ireland"]
[WhiteTeamCountry "LIE"]
[BlackTeamCountry "IRL"]

1. e4 {Szabo,Krisztian} c5 2. Nf3 d6 3. d4 cxd4 4. Nxd4 Nf6 5. Nc3 a6 6. h3 e5 ({RR} 6... e6 7. g4 Nfd7 8. Bg2 Be7 9. Be3 Nc6 10. h4 Nde5 11. g5 Bd7 12. Nxc6 Bxc6 13. b3 f5 14. f4 Ng4 15. Qe2 Nxe3 16. Qxe3 fxe4 17. O-O-O d5 18. Nxe4) 7. Nde2 h5 8. Bg5 ({RR} 8. g3) 8... Be6 9. Bxf6 Qxf6 10. Nd5 Qd8 11. Qd3 ({RR} 11. Nec3) 11... Nd7 12. Nec3 Rc8 13. O-O-O g6 14. Kb1 Bh6 ({RR} 14... Rc5 15. Be2 b5 ({RR} 15... Bg7) ({RR} 15... Bh6) 16. a3 ({RR} 16. f4 exf4 17. Qd4 Rh7 18. Nxf4) 16... Nb6 17. g4 hxg4 18. Nxb6 ({RR} 18. hxg4 Rxh1 19. Rxh1 Bxd5 20. exd5 {RR} Bg7 21. Ne4 Rxd5 22. Qc3) 18... Qxb6 19. hxg4 Rxh1 20. Rxh1 Bg7 21. Qe3 Qb7 ({RR} 21... a5 22. b4) ({RR} 21... Rc6) 22. Rd1 Qc7 23. g5 Qc6 24. Rg1 Qd7 ({RR} 24... a5 25. Bg4 b4 26. Bxe6 fxe6 27. axb4 axb4) 25. Qg3 Rc8 26. Bg4 Bxg4 ({RR} 26... a5 27. Bxe6 fxe6 28. Qd3 Rb8 29. Nd1 Qc6 30. Ne3) 27. Qxg4 Qxg4 28. Rxg4 Bf8 29. Nd5 {1-0 Anand,V (2796)-Topalov,V (2803) London Classic 7th 2015 (5)}) 15. Rg1 $146 ({RR} 15. h4 O-O 16. f3 f5 17. exf5 gxf5 18. f4 e4 19. Qg3+ Kh7 20. Be2 Qe8 21. Rd2 Rg8 22. Qf2 Bg7 23. Rhd1 Qf7 24. Na4 b5 25. Nab6 Rc5 26. Bxh5 Qxh5 27. Nxd7 Bxd7 28. Ne3 Rc6 29. Rxd6 Rxd6 {0-1 Preotu,R (2485)-Theodorou,N (2569) US Collegiate Rapid 2021 (5.125)}) ({RR} 15. h4 Nc5 16. Qe2 b5 17. f3 Bd7 18. g4 hxg4 19. fxg4 Ne6 20. g5 Bxg5 21. hxg5 Rxh1 22. Nf6+ Ke7 23. Qf3 Rh4 24. Ncd5+ Kf8 25. Nb6 Bc6 26. Nxc8 Qxc8 27. Rxd6 Rf4 28. Qd1 Nxg5 29. Bg2 Ne6 {0-1 Goryachkina,A (2553)-Hong,A (2539) Titled Tue 23rd Jan Early 2024 (6)}) ({RR} 15. h4 Nc5 16. Qe2 b5 17. a3 O-O 18. g3 Bd7 19. Bh3 Ne6 20. f4 exf4 21. gxf4 Nxf4 22. Nxf4 Bxf4 23. Bxd7 Rxc3 24. bxc3 Qxd7 25. Rhg1 Kh7 26. Rd3 Be5 27. Rf3 Rc8 28. Qf2 Rc7 29. Rf1 Kg7 {0-1 Hansen,M (2445)-Bekker Jensen,S (2466) DEN-chT 1617 55th 2016 (4.2)}) 15... h4 16. g3 Nc5 17. Qf3 Bg5 18. a3 b5 19. Qe2 Bh6 20. Qf3 Bg7 21. Ne3 hxg3 22. fxg3 Qb6 23. Ned5 Qb7 24. g4 Nd7 25. Be2 Nb6 26. Nf6+ Kf8 27. Rxd6 Rxc3 28. bxc3 Ke7 29. Rxe6+ fxe6 30. Rf1 Rf8 31. g5 Qc7 32. Ng8+ Ke8 33. Nf6+ Bxf6 34. gxf6 Na4 35. Qg4 Kf7 36. Rg1 Rg8 37. Qh4 Nxc3+ 38. Ka1 Qc5 39. Qh7+ Kf8 40. Qe7+ Qxe7 41. fxe7+ Kxe7 42. Bd3 Rh8 43. Rxg6 Rxh3 44. Rg7+ Kd6 45. Ra7 Rh1+ 46. Kb2 Na4+ 47. Ka2 Nc5 48. a4 Nxa4 49. Rxa6+ Kc5 50. Rxe6 Kb4 51. c3+ Nxc3+ 52. Kb2 Na4+ 53. Kc2 Rh2+ 54. Kd1 Nb2+ 0-1

[Event "45th Olympiad 2024"]
[Site "Budapest HUN"]
[Date "2024.09.16"]
[Round "6.47"]
[Board "4"]
[White "Pastor Carvajal, Jeigoth"]
[Black "Amdouni, Zoubaier"]
[Result "0-1"]
[WhiteElo "2120"]
[BlackElo "2151"]
[PlyCount "74"]
[EventDate "2024.09.11"]
[WhiteTeam "Costa Rica"]
[BlackTeam "Tunisia"]
[WhiteTeamCountry "CRI"]
[BlackTeamCountry "TUN"]

1. e4 c5 2. Nc3 Nc6 3. f4 g6 4. Nf3 Bg7 5. a4 e6 6. e5 d6 7. Bb5 Nge7 8. Ne4 dxe5 9. fxe5 O-O 10. Nf6+ ({RR} 10. d4 Nxd4 11. Nf6+ Bxf6 12. exf6 Nef5 13. Nxd4 Qxd4 14. Qxd4 Nxd4 15. Bd3 e5 16. Be3 e4 17. Bxd4 cxd4 18. Bc4 Be6 19. Bxe6 fxe6 20. O-O-O e5 21. Rhe1 e3 22. c3 Rad8 23. cxd4 exd4 24. Kb1 Rxf6 {0-1 Kadric,D (2558)-Vakhidov,J (2599) Titled Tue 21st May Early 2024 (6)}) 10... Kh8 11. d4 Nd5 12. dxc5 $146 ({RR} 12. Bxc6 bxc6 13. Ne4 cxd4 14. Qxd4 c5 15. Qxc5 Ba6 16. Nd6 f6 17. c4 Nb6 18. b3 Nd7 19. Qc6 Nxe5 20. Qxa6 f5 21. Rb1 Nd3+ 22. Ke2 Nb4 23. Qb5 Na2 24. Qc6 Nc3+ 25. Kf2 Qxd6 26. Qxd6 Ne4+ {½-½ Ahn,H (2251)-Tari,A (2642) 45th Olympiad 2024 (1.7)}) ({RR} 12. O-O cxd4 13. Bg5 Nxf6 14. Bxc6 bxc6 15. Nxd4 Qd5 16. Bxf6 c5 17. Nb5 Bxf6 18. Qxd5 exd5 19. Rxf6 Bf5 20. c3 a5 21. Rd1 Rad8 22. Rc6 c4 23. Rd2 Kg8 24. Nd6 Be6 25. Rf2 Bd7 26. Rc5 Be6 {1-0 Fahrner,K (2303)-Manhardt,T (2176) TCh-AUT 2nd Mitte 2023-24 (6.5)}) 12... Nxe5 13. Nxd5 exd5 14. O-O Nxf3+ 15. Qxf3 Be6 16. Ra3 Rc8 17. b4 a6 18. Be2 a5 19. c3 Bf5 20. Be3 Re8 21. Rd1 Qe7 22. Kf2 Bg4 23. Qxg4 Qxe3+ 24. Kf1 axb4 25. Ra2 bxc3 26. Rxd5 Rxc5 27. Rxc5 Qxc5 28. Qc4 Qe3 29. Qd3 Qf4+ 30. Qf3 Qc1+ 31. Bd1 Rd8 32. Ke1 Qb1 33. Rc2 Qb3 34. Kf1 Qc4+ 35. Be2 Qxa4 36. Bd3 b5 37. Qxf7 Rf8 0-1

[Event "45th Olympiad 2024"]
[Site "Budapest HUN"]
[Date "2024.09.16"]
[Round "6.48"]
[Board "1"]
[White "Wiedenkeller, Michael"]
[Black "Camacho Collados, Jose"]
[Result "0-1"]
[WhiteElo "2406"]
[BlackElo "2352"]
[PlyCount "78"]
[EventDate "2024.09.11"]
[WhiteTeam "Luxembourg"]
[BlackTeam "Wales"]
[WhiteTeamCountry "LUX"]
[BlackTeamCountry "WLS"]

1. d4 d5 2. c4 e6 3. Nf3 Nf6 4. g3 h6 5. Bg2 Bd6 6. O-O O-O 7. Nc3 Nc6 8. cxd5 exd5 9. Nb5 Bf5 ({RR} 9... b6 10. Nxd6 cxd6 11. Nd2 Re8 12. Nb1 Ne7 13. Nc3 Be6 14. f3 Qd7 15. Re1 b5 16. a3 a5 17. e3 b4 18. Ne2 Bf5 19. axb4 axb4 20. Bd2 Qb5 21. Rxa8 Rxa8 22. Qb3 Nc6 23. Nf4 Qc4 24. Qxc4 {½-½ Lutz,R (2218)-Dinstuhl,V (2380) Bundesliga 2023-24 (6.2)}) 10. Nxd6 cxd6 11. Bd2 $146 ({RR} 11. Bf4 Re8 12. Rc1 Qd7 13. Re1 g5 14. Bd2 Bh3 15. Qb3 Re7 16. e3 Qf5 17. Bxh3 Qxh3 18. Red1 Rae8 19. Qd3 Ne4 20. Be1 Qf5 21. Kg2 Re6 22. Qe2 Rf6 23. b4 h5 24. h3 Nxf2 25. Bxf2 Qe4 {0-1 Martin Carmona,G (2333)-Maurizzi,M (2536) VII Semana Santa Alicante 2023 (3.6)}) ({RR} 11. Qb3 Na5 12. Qa4 Qb6 13. b3 Nc6 14. Bd2 a6 15. Rfc1 Qd8 16. Qa3 Qd7 17. Qb2 a5 18. e3 Be4 19. Ne1 h5 20. f3 Bf5 21. Bf1 h4 22. gxh4 Bh3 23. Ng2 Qf5 24. Nf4 Bxf1 25. Rxf1 Nh5 {½-½ Ozenir,E (2391)-Stremavicius,T (2563) US Chess Masters 2023 (3.20)}) 11... Re8 12. Re1 a5 13. Qb3 Qd7 14. a4 Be4 15. Bc3 Ra6 16. Nd2 Bxg2 17. Kxg2 h5 18. e4 h4 19. exd5 h3+ 20. Kg1 Nb4 21. Rxe8+ Qxe8 22. Bxb4 Rb6 23. Qd3 Rxb4 24. b3 Nxd5 25. Nf3 Nf6 26. Ng5 Qd7 27. Re1 g6 28. f3 Kg7 29. Qe3 b5 30. axb5 Rxb5 31. g4 Nxg4 32. Qd2 Nf6 33. Ne4 Nh5 34. d5 Qa7+ 35. Kh1 Rxb3 36. Nxd6 Rxf3 37. Qb2+ Kh7 38. Ne4 Qe3 39. Qa1 Rf1+ 0-1

[Event "45th Olympiad 2024"]
[Site "Budapest HUN"]
[Date "2024.09.16"]
[Round "6.48"]
[Board "2"]
[White "Toczek, Grzegorz"]
[Black "Berend, Elvira"]
[Result "0-1"]
[WhiteElo "2301"]
[BlackElo "2219"]
[PlyCount "85"]
[EventDate "2024.09.11"]
[WhiteTeam "Wales"]
[BlackTeam "Luxembourg"]
[WhiteTeamCountry "WLS"]
[BlackTeamCountry "LUX"]

1. e4 c5 2. c3 Nf6 3. e5 Nd5 4. d4 cxd4 5. Nf3 e6 6. cxd4 d6 7. Bc4 Be7 8. O-O O-O 9. Qe2 b6 10. Nbd2 Bb7 11. Ne4 dxe5 12. dxe5 Nd7 13. h4 $146 ({RR} 13. Bg5 Nxe5 14. Nxe5 Bxg5 15. Rad1 Be7 16. f4 Qc7 17. Ng3 Bc5+ 18. Kh1 Ne3 19. Rd7 Qc8 20. Rg1 Nxc4 21. Qxc4 Bxg1 22. Rc7 Bd5 23. Qc3 Bd4 {0-1 Yildiz Kadioglu,B (2219)-Mohota,N (2311) WMSG Rapid 1st (Women) 2008 (6)}) ({RR} 13. Bg5 Rc8 14. Bxe7 Qxe7 15. Nd6 Rc7 16. Nxb7 Rxb7 17. Bxd5 exd5 18. Rfd1 Nc5 19. Rxd5 Rd8 20. Rad1 Rbd7 21. Rxd7 Rxd7 22. Rxd7 Qxd7 23. b4 Ne6 24. Qd2 Qa4 25. Ng5 h6 26. Nxe6 fxe6 27. h3 Kf7 {1-0 Bortnyk,O (2608)-Srdanovic,J (2121) Titled Tue 9th Jan Late 2024 (1)}) ({RR} 13. Bd2 Rc8 14. Rac1 Nc5 15. Nxc5 bxc5 16. b3 Rc7 17. Rfd1 Qa8 18. Ba6 Rfc8 19. Bxb7 Qxb7 20. h4 c4 21. bxc4 Nb6 22. Bg5 Rxc4 23. Rxc4 Rxc4 24. Bxe7 Qxe7 25. Rd6 h6 26. Qd3 Rc1+ 27. Kh2 Nd5 {0-1 Berelowitsch,A (2549)-Horvath,C (2537) BEL-chT 1415 2014 (2.2)}) 13... Qc7 14. Ng3 Rfc8 15. Bb3 Nb4 16. Bf4 Ba6 17. Qd2 Bxf1 18. Rxf1 Nf8 19. Nh5 Qd7 20. Qe1 Qd3 21. Bg5 Bxg5 22. Qxb4 Bh6 23. Qa4 b5 24. Qa6 Rc1 25. Rxc1 Bxc1 26. Qc6 Qb1 27. Kh2 Rd8 28. Qxb5 Qxb2 29. Qc5 a6 30. Qc4 Bh6 31. Ng3 Qxf2 32. Ne4 Qe3 33. Neg5 Bxg5 34. hxg5 Ng6 35. Qc7 Rf8 36. Bc2 Nf4 37. Qc4 Ne2 38. Qc6 Nd4 39. Nxd4 Qxe5+ 40. Kh1 Qxd4 41. Qxa6 Qh4+ 42. Kg1 Qxg5 43. a4 0-1

[Event "45th Olympiad 2024"]
[Site "Budapest HUN"]
[Date "2024.09.16"]
[Round "6.48"]
[Board "3"]
[White "Mertens, Marc"]
[Black "Blackburn, Jonathan L B"]
[Result "0-1"]
[WhiteElo "2120"]
[BlackElo "2202"]
[PlyCount "72"]
[EventDate "2024.09.11"]
[WhiteTeam "Luxembourg"]
[BlackTeam "Wales"]
[WhiteTeamCountry "LUX"]
[BlackTeamCountry "WLS"]

1. e4 e6 2. d4 d5 3. Nd2 Nf6 4. e5 Nfd7 5. Bd3 c5 6. c3 Nc6 7. Ne2 cxd4 8. cxd4 f6 9. exf6 Nxf6 10. Nf3 Bd6 11. O-O Qc7 12. Bg5 O-O 13. Qc2 h6 14. Bh4 Nh5 15. Bh7+ Kh8 16. Bg6 Rxf3 17. Bxh5 Bxh2+ 18. Kh1 Rf5 19. Bg6 Bd6 20. Bxf5 exf5 21. f4 ({RR} 21. Rae1 Qf7 22. Bg3 f4 23. Nxf4 Nxd4 24. Qd2 Nf5 25. Qxd5 Qxd5 26. Nxd5 Bxg3 27. fxg3 Nxg3+ 28. Kg1 Nxf1 29. Re8+ Kh7 30. Nc7 Rb8 31. Kxf1 b6 32. Kf2 Kg6 33. Na6 Kf7 34. Rh8 Ra8 35. Nc7 Rb8 {½-½ Levitan,R (2152)-Bueno,A (2140) Titled Tue 11th Jun Late 2024 (5)}) 21... Qf7 22. Kg1 Bd7 23. Qd2 ({RR} 23. Rae1 Re8 24. Nc3 Rg8 25. Qd3 g5 26. Bg3 Qg6 27. Re2 Nb4 28. Qe3 g4 29. Bh4 Qf7 30. Be7 Re8 31. Bxd6 Rxe3 32. Rxe3 Nc6 33. Rfe1 Kg8 34. b4 a6 35. a4 Qg6 36. Bc5 b6 37. Bxb6 Nxb4 {1-0 Zakhartsov,V (2552)-Erigaisi,A (2701) Titled Tue 16th May Early 2023 (9)}) 23... b5 $146 ({RR} 23... Re8 24. Nc3 Qh5 25. Bf2 g5 26. Nxd5 Qf7 27. Nc3 Bxf4 28. Qd1 g4 29. d5 Qh5 30. Bd4+ Be5 31. Bxe5+ Nxe5 32. Ne2 Qg5 33. Qc1 Bb5 34. Qxg5 hxg5 35. Rxf5 Bxe2 36. d6 Bb5 37. Rxg5 Bc6 38. Rd1 {½-½ Senders,M (2048)-Mueer,S (2229) Maastricht Limburg op-A 7th 2013 (2)}) ({RR} 23... Rg8 24. Rf3 Bb4 25. Nc3 Ba5 26. Bf2 Re8 27. a3 Ne7 28. Re1 Nc8 29. Rfe3 Nd6 30. Rxe8+ Bxe8 31. b4 Bc7 32. Qc2 Bc6 33. b5 Nxb5 34. Nxb5 Bxb5 35. Qc5 Bc6 36. Re7 Qh5 37. Rxc7 Qd1+ 38. Kh2 {½-½ Terao,J (2228)-Spornberger,M (2306) Ortisei Server24 op 3rd 2016 (9)}) 24. Rf3 a5 25. Bf2 a4 26. Nc1 Qf6 27. Rb1 Bc7 28. b4 Re8 29. Re3 Re4 30. Rxe4 fxe4 31. Be3 Bg4 32. Ne2 Bxe2 33. Qxe2 Nxd4 34. Qg4 Nf5 35. Rc1 Nxe3 36. Qc8+ Bd8 0-1

[Event "45th Olympiad 2024"]
[Site "Budapest HUN"]
[Date "2024.09.16"]
[Round "6.48"]
[Board "4"]
[White "Bullen, Alex"]
[Black "Gengler, Pierre"]
[Result "1-0"]
[WhiteElo "2155"]
[BlackElo "2097"]
[PlyCount "191"]
[EventDate "2024.09.11"]
[WhiteTeam "Wales"]
[BlackTeam "Luxembourg"]
[WhiteTeamCountry "WLS"]
[BlackTeamCountry "LUX"]

1. d4 Nf6 2. Nf3 g6 3. g3 Bg7 4. Bg2 O-O 5. O-O d6 6. Nc3 Nbd7 7. a4 c6 8. e4 e5 9. Re1 Qc7 10. h3 h6 ({RR} 10... b6 11. dxe5 dxe5 12. Be3 Re8 13. Nd2 Ba6 14. Bf1 Bxf1 15. Kxf1 Rad8 16. Qe2 Bf8 17. Kg2 Nc5 18. Qc4 Ne6 19. Nf3 Bc5 20. Bxc5 b5 21. axb5 cxb5 22. Nxb5 Qxc5 23. Qxc5 Nxc5 24. Rxa7 Ncxe4 25. Ra4 {½-½ Nihal,S (2670)-Giri,A (2764) chess.com SpeedChess 2022 (1.44)}) ({RR} 10... Re8 11. b3 b6 12. Bb2 a6 13. Qd2 Bb7 14. Rad1 b5 15. dxe5 dxe5 16. axb5 axb5 17. Ra1 Nc5 18. Qe3 Ne6 19. Ne2 Nd7 20. h4 Rxa1 21. Rxa1 c5 22. c3 Nf6 23. Ng5 Nf8 24. f3 h6 25. Nh3 {1-0 Povshednyi,I (2242)-Santos Latasa,J (2626) Titled Tue 28th May Late 2024 (6)}) 11. Be3 b6 $146 ({RR} 11... Kh7 12. a5 exd4 13. Nxd4 Nc5 14. f4 Be6 15. Qd2 b5 16. b4 Ncd7 17. Rad1 Rac8 18. Nxe6 fxe6 19. Qxd6 e5 20. Rd3 Rf7 21. Red1 Qxd6 22. Rxd6 Bf8 23. Bxa7 Bxd6 24. Rxd6 Nh5 25. Ne2 c5 26. fxe5 {1-0 Varnusz,E (2360)-Borsavolgyi,T HUN-chT Hungary 1989 (5)}) ({RR} 11... Kh7 12. Qe2 a6 13. dxe5 dxe5 14. a5 Re8 15. Qc4 Nf8 16. Bb6 Qe7 17. Bc5 Qe6 18. Qd3 N8d7 19. Be3 Bf8 20. Na4 c5 21. Nd2 b5 22. axb6 Bb7 23. Qb3 Bc6 24. Nc3 Qxb3 25. Nxb3 Reb8 26. Ra5 {1-0 Parnali,S (2145)-Potluri,S (1873) IND-ch (Women) 46th 2019 (8)}) 12. Qd2 Kh7 13. Rad1 Bb7 14. dxe5 dxe5 15. Qd6 Qc8 16. Nd2 Rd8 17. Qa3 Qc7 18. Qa2 Nf8 19. a5 Ne6 20. b4 Ba6 21. Nf3 Nd7 22. axb6 axb6 23. Qb3 b5 24. Ne2 Nb6 25. Bxb6 Qxb6 26. c3 Qc7 27. Rxd8 Rxd8 28. Rd1 Bc8 29. Nh2 h5 30. Nf1 Bh6 31. h4 Kg8 32. Qc2 Nf8 33. Rxd8 Qxd8 34. Nc1 Bxc1 35. Qxc1 Be6 36. Qd2 Qxd2 37. Nxd2 Nd7 38. Kf1 Nb6 39. Ke2 Kf8 40. Kd3 Ke7 41. Kc2 Kd6 42. Bf1 f6 43. Be2 Bf7 44. Nf3 Be8 45. Ne1 Bf7 46. Nf3 Bg8 47. Ne1 Be6 48. Ng2 Bc4 49. Bf3 Bf7 50. Ne3 Ke6 51. Kd3 Kd7 52. Kc2 Nc8 53. Nd1 Nd6 54. Nb2 Bc4 55. Nd1 Ke7 56. Ne3 Bf7 57. Kd3 Kd7 58. Nd1 g5 59. Ke3 Bg6 60. Nb2 g4 61. Bg2 f5 62. Nd3 Nc4+ 63. Ke2 Kd6 64. exf5 Bxf5 65. Nc5 Kc7 66. Be4 Nd6 67. Bxf5 Nxf5 68. Ne4 Ng7 69. Kd3 Kd7 70. Nc5+ Ke7 71. Ke4 Kd6 72. Nd3 Ne8 73. Nxe5 Nf6+ 74. Kd4 Nd5 75. Nf7+ Ke7 76. Ng5 Nf6 77. Ne4 Nd7 78. Nc5 Nf8 79. Nd3 Kf6 80. Nf4 Kf5 81. Nxh5 Ne6+ 82. Ke3 Ke5 83. f3 gxf3 84. Kxf3 c5 85. Nf4 cxb4 86. Nxe6 bxc3 87. Nc5 Kd4 88. Nb3+ Kd3 89. h5 Kc2 90. Nd4+ Kd3 91. Ne2 b4 92. h6 b3 93. Nxc3 Kxc3 94. h7 b2 95. h8=Q+ Kc2 96. Qxb2+ 1-0

[Event "45th Olympiad 2024"]
[Site "Budapest HUN"]
[Date "2024.09.16"]
[Round "6.49"]
[Board "1"]
[White "Oatlhotse, Providence"]
[Black "Paiva, Donaldo"]
[Result "1-0"]
[WhiteElo "2239"]
[BlackElo "2139"]
[PlyCount "74"]
[EventDate "2024.09.11"]
[WhiteTeam "Botswana"]
[BlackTeam "Mozambique"]
[WhiteTeamCountry "BOT"]
[BlackTeamCountry "MOZ"]

1. Nf3 Nf6 2. g3 d5 3. Bg2 c6 4. c4 dxc4 5. O-O b5 6. d3 cxd3 7. Ne5 Bb7 8. a4 ({RR} 8. Qb3 e6 9. Rd1 Qb6 10. Be3 c5 11. Bxb7 Qxb7 12. Qxd3 Nc6 13. Nxc6 Qxc6 14. a4 b4 15. Qb5 Rc8 16. Nd2 Nd5 17. Nc4 Nxe3 18. fxe3 a6 19. Qxc6+ Rxc6 20. Rd3 Be7 21. Rad1 O-O 22. Rd7 Bf6 {1-0 Zwirs,N (2443)-Otten,M (2166) Dutch Open 2023 (3.9)}) 8... b4 ({RR} 8... Qc8 9. axb5 cxb5 10. Qb3 Bxg2 11. Qxf7+ Kd8 12. Kxg2 dxe2 13. Re1 Nc6 14. Nf3 Qb7 15. Ra3 Ne5 16. Qe6 Nxf3 17. Rxf3 Qe4 18. Qa6 Rc8 19. Qxb5 e6 20. Bg5 Be7 21. Nc3 Qc6 22. Qxe2 Nd7 23. Ne4 {1-0 Duda,J (2731)-Erigaisi,A (2718) Meltwater Tour Final 2022 (1.3)}) 9. Nxd3 a5 $146 ({RR} 9... e6 10. a5 Ba6 11. Qb3 Bxd3 12. Rd1 Be7 13. Rxd3 Qc8 14. Bg5 O-O 15. Nd2 Nbd7 16. Bxf6 gxf6 17. Rd4 Rb8 18. Nc4 c5 19. Rh4 f5 20. Rh3 Kh8 21. e4 fxe4 22. Bxe4 f5 23. Bg2 Rf7 24. Qe3 {1-0 Gupta,A (2603)-Jay,K (2066) New Delhi Parsvnath op-A 18th 2020 (4)}) ({RR} 9... e6 10. Qc2 Be7 11. Nd2 O-O 12. Nc4 Qc8 13. Na5 Qc7 14. Nxb7 Qxb7 15. a5 Rc8 16. Bd2 Nd5 17. Qc4 Nd7 18. e4 N5f6 19. Nxb4 Ne5 20. Qc3 Rd8 21. Ra4 Rab8 22. Qxe5 Rxd2 23. Nxc6 Rc8 24. Nxe7+ {0-1 Wagner,D (2304)-Bivol,A (2362) Wch U20 Girls 34th 2016 (9)}) 10. Qc2 e6 11. Rd1 Qc8 12. Be3 Nd5 13. Bc5 Bxc5 14. Nxc5 O-O 15. Nd2 Ra7 16. e4 Nf6 17. Nc4 Ba8 18. e5 Nd5 19. Be4 h6 20. Rac1 Rd8 21. Bh7+ Kh8 22. Bd3 Qc7 23. Qe2 Nd7 24. Nxd7 Rxd7 25. Qe4 g6 26. Nd6 Qd8 27. Qd4 Kh7 28. Be4 Ne7 29. Qc5 Nc8 30. Rd3 f5 31. Bg2 Ne7 32. Rcd1 Nd5 33. Rc1 Qf8 34. Qd4 Qg7 35. Bxd5 exd5 36. Ne8 Qe7 37. Nf6+ Kg7 1-0

[Event "45th Olympiad 2024"]
[Site "Budapest HUN"]
[Date "2024.09.16"]
[Round "6.49"]
[Board "3"]
[White "Monnaatsheko, Keletshabile"]
[Black "Napoleao, Lourenco"]
[Result "1/2-1/2"]
[WhiteElo "2064"]
[BlackElo "1913"]
[PlyCount "70"]
[EventDate "2024.09.11"]
[WhiteTeam "Botswana"]
[BlackTeam "Mozambique"]
[WhiteTeamCountry "BOT"]
[BlackTeamCountry "MOZ"]

1. Nf3 d5 2. d4 Nf6 3. Bf4 c5 4. e3 Nc6 5. Nbd2 Qb6 6. dxc5 Qxb2 7. Rb1 Qc3 8. Bb5 g6 9. Be5 ({RR} 9. O-O Bg7 10. Nb3 O-O 11. Bxc6 bxc6 12. Be5 Qc4 13. Nfd4 Bd7 14. Qd3 Ne4 15. Bxg7 Kxg7 16. Qxc4 dxc4 17. Na5 Nd2 18. Rb7 Bc8 19. Rxe7 Nxf1 20. Kxf1 Rd8 21. Naxc6 Rd7 22. Re5 Rc7 23. Na5 Kf6 {½-½ Carlsen,M (2863)-Ding,L (2791) Carlsen Tour Final rapid 2020 (1.45)}) 9... Qxc5 10. Bd4 $146 ({RR} 10. Bxf6 exf6 11. O-O Bg7 12. Qe2 O-O 13. Nb3 Qa3 14. Rfd1 a6 15. Bxc6 bxc6 16. Nfd4 Bd7 17. c4 c5 18. Nc2 Qxa2 19. cxd5 Rab8 20. Ncd4 Qxe2 21. Nxe2 Bf5 22. Rb2 c4 23. e4 Bxe4 {0-1 Goncalves,I (2237)-Bok,B (2624) Titled Tuesday intern op 27th July blitz 2021 (8)}) ({RR} 10. O-O Bg7 11. c4 dxc4 12. Ne4 Nxe4 13. Bxg7 Rg8 14. Ba1 Nd6 15. a4 a6 16. Bd4 Qd5 17. e4 Nxe4 18. Bxc6+ bxc6 19. Qc1 Bg4 20. Rd1 Bxf3 21. gxf3 Ng5 22. Qf4 Nh3+ {0-1 Kanyamarala,T (2286)-Shirov,A (2660) Titled Tue 13th Feb Early 2024 (3)}) ({RR} 10. c4 Bg7 11. Nb3 Qb6 12. Bd4 Qd8 13. Ne5 O-O 14. Nxc6 bxc6 15. Bxc6 Bf5 16. Rc1 dxc4 17. Rxc4 Rc8 18. O-O a5 19. Rc5 a4 20. Bxa4 Ra8 21. Nd2 Nd7 22. Bxd7 Bxd4 23. Rd5 Bxd7 24. Rxd4 Qc7 {½-½ Vardan,N (2366)-Sturt,R (2500) Arandjelovac Akva Gold GM2 2021 (4)}) 10... Qd6 11. c4 Bd7 12. Bxf6 exf6 13. cxd5 Qxd5 14. Bc4 Qd6 15. O-O Be7 16. Rxb7 Na5 17. Rb1 Nxc4 18. Nxc4 Qa6 19. Qd4 Rd8 20. Qc3 Rc8 21. Rfc1 Be6 22. Nfd2 O-O 23. Qa5 Qxa5 24. Nxa5 Bxa2 25. Ra1 Rxc1+ 26. Rxc1 Bb4 27. Ndb3 Kg7 28. Ra1 Bxb3 29. Nxb3 Rd8 30. Kf1 Rd7 31. Ra6 Rd3 32. Nd4 Rd1+ 33. Ke2 Rd2+ 34. Kf3 Bc5 35. Nb3 Rd5 1/2-1/2